| 000 | 01150nmm a2200313 a 4500 | ||
|---|---|---|---|
| 001 | ocm0002146077 | ||
| 003 | TR-IsHL | ||
| 005 | 20201028181748.0 | ||
| 008 | 190108s2014 tu tur | ||
| 007 | cr cn | ||
| 020 | _a9786055283667 | ||
| 035 |
_a2146077 _b(N$T) |
||
| 050 | 0 | 4 |
_aDR726 _b.K37 2014 |
| 090 | 0 | 4 |
_aDR726 _b.K37 2014 |
| 100 | 1 | _aKarakışla, Yavuz Selim | |
| 245 | 1 | 0 |
_aEski İstanbul'un delileri:Pazarola Hasan Bey (1885-1926) _h[electronic resource] / _cYavuz Selim Karakışla |
| 250 | _a2. Basım | ||
| 260 |
_aİstanbul : _bAkıl Fikir Yayınları, _c2014 |
||
| 300 | _a181 p. | ||
| 500 | _aKaynakça : sayfa [179-181] | ||
| 650 | 4 | _aDil ve Edebiyat | |
| 650 | 4 | _aLanguage and Literature | |
| 650 | 0 | _aPazarola Hasan Bey, 1885-1926 | |
| 650 | 0 |
_aTürk nükte ve mizahı _x Türkiye _x İstanbul |
|
| 650 | 0 |
_aİstanbul (Türkiye) _x Sosyal yaşam ve adetler |
|
| 650 | 0 |
_aAkıl hastaları _x Türkiye _x İstanbul _x Biyografi |
|
| 650 | 7 |
_aHISTORY / Middle East / Turkey & Ottoman Empire _2bisacsh |
|
| 856 | 4 | 0 | _uhttp://search.ebscohost.com/login.aspx?direct=true&scope=site&db=e011xww&AN=2146077 |
| 999 |
_c19753 _d19753 |
||